000 00622nam a2200217Ia 4500
005 20250923145217.0
008 008 250917s9999 xx 000 0 eng d
037 _aTextual
040 _aDSWL
_beng
_cDSWL
041 _aeng
_2eng
084 _aYX;6-L8.56, N69
_qDSWL
100 _aHoenig, J.
_9832925
245 4 _aThe De-Segregation of the Mentally ill
_cby J. Hoenig
260 _aLondon
_bRoutledge & Kegan Pual
_c1969
300 _a543p.
365 _aINR
_b50
700 _aW.Hamilton Marian
_9832926
925 _g50
942 _cTEXL
_hYX;6-L8.56, N69
999 _c1448494
_d1448494